00303nam a2200097Ia 4500008004100000245005500041245004000096260000900136650001200145856004800157171211s9999 xx 000 0 und d aAphids on the World's Herbaceous Plants and Shrubs cR. L. Blackman and Victor F. Eastop c2006 xBiology uhttp://down.ebook777.com/062/0471489735.pdf